Asymmetric Transmission of Crude Oil Prices to Retail Gasoline and Diesel Prices in U.S. Market
Overenie asymetrického prenosu cien ropy na maloobchodné ceny benzínu a nafty na americkom trhu pomocou linexovho prístupu. Autori zistili, že týždenná priemerná odchýlka maloobchodných cien v USA je približne 0,15 centa za liter benzínu a asi 0,1 centu za liter nafty.
Saved in:
| Main Author: | |
|---|---|
| Other Authors: | , |
| Format: | Book Chapter |
| Language: | English |
| Subjects: | |
| Tags: |
No Tags, Be the first to tag this record!
|
MARC
| LEADER | 00000naa$a2200000$$$4500 | ||
|---|---|---|---|
| 001 | 0278685 | ||
| 005 | 20240502083845.5 | ||
| 041 | 0 | |a eng | |
| 044 | |a CZ | ||
| 245 | 1 | 0 | |a Asymmetric Transmission of Crude Oil Prices to Retail Gasoline and Diesel Prices in U.S. Market |c Karol Szomolányi, Martin Lukáčik, Adriana Lukáčiková |
| 520 | |a Overenie asymetrického prenosu cien ropy na maloobchodné ceny benzínu a nafty na americkom trhu pomocou linexovho prístupu. Autori zistili, že týždenná priemerná odchýlka maloobchodných cien v USA je približne 0,15 centa za liter benzínu a asi 0,1 centu za liter nafty. | ||
| 610 | 2 | 0 | |a ropa |
| 610 | 2 | 0 | |a benzín |
| 610 | 2 | 0 | |a nafta |
| 610 | 2 | 0 | |a ceny maloobchodné |
| 610 | 2 | 0 | |a maloobchod |
| 610 | 2 | 0 | |a analýza ekonometrická |
| 610 | 2 | 0 | |a USA |
| 100 | 1 | |a Szomolányi, Karol, 1976- | |
| 700 | 1 | |a Lukáčik, Martin, 1974- | |
| 700 | 1 | |a Lukáčiková, Adriana, 1971- | |